000 00786nam a22002177a 4500
003 SEM
005 20241004102706.0
008 171026b xxu||||| |||| 00| 0 rus
040 _aSEM
_cSEM
041 1 _arus.
_agerm.
080 _a803.0-3=82/Л-61
100 1 _aЛипшиц Ольга Давыдовна
_q(Lipschiz O. D.)
245 1 4 _aКарманный немецко-русский словарь.
_b9000 слов. /
_cО. Липшиц
246 1 1 _aDeutsch-Russisches taschen-Wörterbuch.
_b9000 Stichwörter.
250 _a18-е изд,
_bстереотипное
260 _aМосква:
_bизд. «Русский язык»,
_c1981.
300 _a319 с.;
_c13 см.
650 _aНемецко-русский словарь
653 _aՍԷՄ
942 _2udc
_cBK
999 _c67531
_d67531